MDQL
is popping MORE tags! Check the
thread
!
Quizzes
Events
Quiz Creation
Community
Videos
Private Events
Remove Ads
Sign In
Join for FREE
Feedback
Dark Mode
Quiz Categories
Sports
Geography
Music
Movies
Television
Just For Fun
Miscellaneous
History
Literature
Language
Science
Gaming
Entertainment
Religion
Holiday
For Kids
Quiz Lab
Recent
Popular Today
Quiz Kudos Today
Editor Picks
Curator Picks
Quizzes by...
Day
Popularity
Type
Ratings
Length
Year
Community
Subscriptions
Recent Discussions
Orange Saloon
Badges
Playlists
Quests
Create
Leaderboards
Showdown
Live 5
Trivia Bingo
Activity
Puzzle Library
Sporcle Events
Private Events
Virtual Trivia
Globe League
Become a Host
Pub Owners
SporcleCon
Opinionation
Our Games
Videos
Blog
Mobile Apps
Partnerships
Remove Ads and Go Orange
Feedback
Movies
Disney
Marvel Cinematic Universe
Movie Resume
Movie Titles
Oscar
Actor
Actress
Director
Pixar
Role
Movie Quotes
Movie Characters
Box Office
Nominee
Best Picture
Star Wars
James Bond
Horror Movies
Movies
Disney
Marvel Cinematic Universe
Movie Resume
Movie Titles
Oscar
Actor
Actress
Director
Pixar
Role
Movie Quotes
Movie Characters
Box Office
Nominee
Best Picture
Star Wars
James Bond
Horror Movies
Random Quiz
Search Sporcle
×
Quiz Lab
Quiz Lab
Movies
Actor
Type in answers that appear in a list
Type in answers that appear in a list
Classic
Best Score? Go Orange.
Movies Based on Actors Stats
Can you name the Movies Based on the actors who starred in them?
By
crazyjoe
4m
20 Questions
202 Plays
202 Plays
202 Plays
Comments
Comments
Give Quiz Kudos
Give Quiz Kudos
-
- Ratings
hide this ad
More Info
Replay
Link that replays current quiz
Next Quiz
Link to next quiz in quiz playlist
You Got
0%
They Got
Avg Score
66%
Avg Friend Score
Upgrade to see
Score Distribution
Jump to the score distribution portion of the page
Score
0/20
Timer
04:00
0
Plays Today
Actors
Film
% Correct
Arnold Schwarzenegger, Linda Hamilton, Michael Biehn
The Terminator
89.6%
Ben Stiller, Robert De Niro, Owen Wilson
Meet The Parents
86.6%
Russell Crowe, Joaquin Phoenix, Richard Harris
Gladiator
85.6%
George Clooney, Brad Pitt, Julia Roberts
Ocean's 11
82.2%
Tom Cruise, Kelly McGillis, Val Kilmer
Top Gun
80.7%
Mel Gibson, Heath Ledger, Joely Richardson
The Patriot
76.7%
Kevin Spacey, Gabriel Byrne, Chazz Palminteri
The Usual Suspects
74.3%
Jack Nicholson, Adam Sandler, Marissa Tomei
Anger Management
73.8%
Roy Scheider, Robert Shaw, Richard Dreyfuss
Jaws
72.3%
Johnny Depp, Winona Ryder, Dianne West
Edward Scissorhands
70.8%
Actors
Film
% Correct
Chris Pine, Zachary Quinto, Karl Urban
Star Trek
65.8%
Keanu Reeves, Patrick Swayze, Gary Busey
Point Break
60.4%
Tom Hanks, Paul Newman, Jude Law
Road To Perdition
58.9%
Kate Beckinsale, Scott Speedman, Michael Sheen
Underworld
56.4%
Tom Hanks, Audrey Tautou, Alfred Molina
The DaVinci Code
54%
Sean Connery, Alec Baldwin, Scott Glenn
The Hunt For Red October
50.5%
Sylvester Stallone, Richard Crenna, Brian Dennehy
First Blood
50.5%
Jon Voight, Burt Reynolds, Ned Beatty
Deliverance
49.5%
Billy Crudup, Malin Akerman, Jackie Earle Haley
Watchmen
45.5%
Josh Hartnett, Ewan McGreggor, Tom Sizemore
Black Hawk Down
44.6%
Quiz Playlist
Details
Report
Send in Message
Add To Playlist
More Info:
Guess the film based on the actors who starred in it.
Classic:
Type in answers that appear in a list
Last Updated: Feb 16, 2017
Quiz Scoreboard
CHALLENGE
Sign Up to Join the Scoreboard
Show All
Scores
Hide
Comments
May contain spoilers
Recently Published
5x2 Blitz: Bands
by SL_Kpop136
Music
30s
Colored Red Africa Blitz
by spor1
Geography
30s
Find the 'City' Movie
by crazypaving
Movies
60s
More to Explore
Quiz From the Vault
Featured Blog Post
14 Easter Pick-up Lines to Find Eggs With
hide this ad
You Might Also Like...
Tags
Actor Quiz
Starred
Today's Top Quizzes in Movies
Browse Movies
hide this ad
Today's Top Quizzes in Actor
Browse Actor
Top Contributed Quizzes in Movies
1
Find The 'Big' Movie
2
Find The 'Wild' Movie
3
Find The 'Blue' Movie
4
Movies By Plot
5
Hidden Star Wars Character II
6
Hidden Star Wars Character III
7
Pick 5 Posters: Directed by Spielberg
8
Hidden Star Wars Character IV
9
Alfred Hitchcock Movies by Plot
10
Hidden Star Wars Character V
Explore More
Trending Topics
NBA
Crossword
Kpop
Anime
Marvel
Harry Potter
Disney
The Office
NFL
WWE
Puzzle
Song
Soccer
Pokémon
Country
hide this ad
More By:
crazyjoe
Quiz
Plays
Rating
Category
Featured
Created
Movies Based on Actors
202
2.75
Movies
May 22, 2010
Movies Based on Actors 2
71
Movies
May 29, 2010
Go to Creator's Profile
Score Distribution
Quiz Creator Spotlight
crazyjoe
Follow
Send a Message
Quizzes Created
-
Created Quiz Play Count
-
More By This Creator
Popular Quizzes Today
1
Colored Red Africa Blitz
2
Find the 'City' Movie
3
Find the US States - No Outlines Minefield
4
5x2 Blitz: Bands
5
The Countries of the World
6
Find the US States
7
US States
8
9x9 Crossword: Cartoon Network
More Movies Quizzes
Alternative Horror Posters
Curator's Pick
Trending Quizzes
Colored Red Europe Blitz I
Colored Red Europe Blitz II
Colored Red Africa Blitz II
Colored Red Europe Blitz III
Colored Red Africa Blitz III
Recently Updated
How Do You Spell That?
pecheneg
Godzilla Movies
pecheneg
Grab Bag: 4-10 Letters
pecheneg
2024 March Madness Bracket
pecheneg
Famous TV Couples
Peacemaker
Champions League XIs: Real Madrid
pecheneg
Largest US Cities 1790-2010
pecheneg
Rides in Walt Disney World
pecheneg
Most Oscar Losses (Acting)
pecheneg
Beyoncé Albums
pecheneg
Trending Topics
Disney
Crossword
Harry Potter
Kpop
NBA
Marvel
Anime
Song
Soccer
Pokémon
WWE
Country
Puzzle
The Office
NFL
Your Account Isn't Verified!
In order to create a playlist on Sporcle, you need to verify the email address you used during registration. Go to your
Sporcle Settings
to finish the process.
Report this User
Report this user for behavior that violates our
Community Guidelines
.
Details:
Send Report
Go to the Sporcle.com Mobile Site →
Comments